Statystyki dla Królowie Strzelców Premier League

Kliknij tutaj aby rozwiązać quiz!

Ogólne statystyki

  • Ten quiz został rozwiązany 161 razy
  • Średni wynik to 16 z 34

Statystyki odpowiedzi

RokNazwisko% Poprawnych
2019Mohamed Salah
86%
2018Mohamed Salah
86%
2008Cristiano Ronaldo
82%
2017Harry Kane
82%
2016Harry Kane
82%
2015Sergio Aguero
79%
2010Didier Drogba
64%
2007Didier Drogba
64%
2019Sadio Mane
64%
2002Thierry Henry
63%
2005Thierry Henry
63%
2004Thierry Henry
63%
2006Thierry Henry
63%
1996Alan Shearer
59%
2012Robin van Persie
59%
2013Robin van Persie
59%
1997Alan Shearer
56%
1995Alan Shearer
56%
2014Luis Suarez
44%
1999Michael Owen
44%
1998Michael Owen
44%
2019Pierre-Emerick Aubameyang
38%
1994Andy Cole
32%
2003Ruud van Nistelrooy
32%
2011Dimityr Berbatov
26%
2011Carlos Tevez
25%
2009Nicolas Anelka
21%
1999Dwight Yorke
19%
1993Edward Sheringham
15%
2001Jerrel Hasselbaink
11%
2000Kevin Phillips
4%
1998Christopher Sutton
2%
1998Dion Dublin
2%
1999Jerrel Hasselbaink
0%

Rozkład punktacji

Percentyl według liczby udzielonych odpowiedzi

Procent ludzi z każdym wynikiem

Twoja historia wyników

Nie rozwiązałeś tego quizu